Odraz "Arabskej jari" v migračnej politike Európskej únie a jej členských štátov
Príčiny a dôsledky "Arabskej jari". Postoje Európskej únie a jej členských štátov. Dôsledky pre migračnú politiku.
Salvato in:
| Autore principale: | |
|---|---|
| Natura: | Capitolo di libro |
| Lingua: | slovacco |
| Soggetti: | |
| Tags: |
Nessun Tag, puoi essere il primo ad aggiungerne!!
|
MARC
| LEADER | 00000nla a2200000 4500 | ||
|---|---|---|---|
| 001 | 0159619 | ||
| 005 | 20221103134422.8 | ||
| 041 | 0 | |a slo | |
| 044 | |a SK | ||
| 245 | 1 | 0 | |a Odraz "Arabskej jari" v migračnej politike Európskej únie a jej členských štátov |c Martina Bolečeková |
| 520 | |a Príčiny a dôsledky "Arabskej jari". Postoje Európskej únie a jej členských štátov. Dôsledky pre migračnú politiku. | ||
| 610 | 2 | 0 | |a Afrika |
| 610 | 2 | 0 | |a Blízky východ |
| 610 | 2 | 0 | |a imigrácia |
| 610 | 2 | 0 | |a Európska únia |
| 100 | 1 | |a Bolečeková, Martina | |